Регионална библиотека "Любен Каравелов" - Русе

Гьоте (Запис номер 123712)

MARC детайли
000 -Лидер
Контролно поле с фиксирана дължина 02440nam a2200493 a 4500
003 - Код на организацията, давaща контролен номер
Контролно поле BLK
005 - Дата и час на последна редакция
Контролно поле 20240313005504.0
008 - Елементи от данни с фиксирана дължина
fixed length control field 180409b bul|||||r ||||||| ||bul||
010 ## - Наследен системен номер
LC control number KNG00129375000
040 ## - Източник на каталожния запис
Идентификатор на билиотеката - собственик на записа BLK
041 ## - Код за език
Код за езика на текст/звукозапис или на отделно заглавие Български
Код за езика КДБФ Български
072 #7 - Код за тематичната категория
Код организация bullib
Код за тематична категория А
Текст Фонд Михаил Арнаудов
080 ## - УДК
Текстов определител УДК Немска литература
УДК код - определител по УДК 821.112.2
УДК определител (092)
УДК - код + определител 821.112.2(092)
080 ## - УДК
Текстов определител УДК Немска литература
УДК код - определител по УДК 821.112.2
УДК определител .09
УДК - код + определител 821.112.2.09
080 ## - УДК
Текстов определител УДК Немски писател, поет, драматург, хуманист, учен, философ и политик
УДК код - определител по УДК 929 Гьоте, Йохан Волфганг фон
УДК - код + определител 929 Гьоте, Йохан Волфганг фон
100 1# - Редна дума - Автор
Автор Арнаудов, Михаил Петров
R(LIN) 33558
139 ## - Редно поле
Редна дума Арнаудов, Михаил Петров
Авторски знак Гън - Г 97
245 10 - Сведения за заглавието
Заглавие Гьоте
Подзаглавни данни Човек, поет, мислител : Биогр. и страници от съчиненията му
Редно поле (дума) Михаил Петров Арнаудов.
250 ## - Област на изданието
Сведения за изданието 2. изд.
257 ## - Страна на издаване
Страна на създаване/издаване България
260 ## - Област на издателските данни
Име на издателя, разпространителя и проч. Нар. просв.
Година на издаване 1967
Печатница София : Д. Благоев
Място на издаване, разпространение и проч. София
300 ## - Физическа характеристика
Страници 207 с.
Размери/Мащаб 21 см
Илюстрации и др. 1 л. портр.
380 ## - Жанр
Жанр Литературознание
490 ## - СЕРИИ (Колекции)
9 (RLIN) 396381
Име на серия Частна колекция - Академик Михаил Арнаудов
Бележки за серията Дарение - Основен фонд
500 ## - Общи забележки
Забележка 1. изд. 1932 изд. на печ. Художник. - 18 079 тир. - Фонд Михаил Арнаудов - Автограф с текст На милата ми внучка Михаила и на обичния ми Добри от дядо им Михаил Владая. 5.ІІІ.67. - Мека подв.
650 #4 - Допълнително описание по предмет – тема
Основно описание – тема или топоним Гьоте, Йохан Фолфганг фон
9 (RLIN) 152737
650 #4 - Допълнително описание по предмет – тема
Основно описание – тема или топоним Поети, немски
9 (RLIN) 247616
651 #4 - Допълнително описание по предмет - топоним
Географско понятие Германия
9 (RLIN) 178754
653 ## - Ключова дума – ненормативна
Ключова дума немски писатели
653 ## - Ключова дума – ненормативна
Ключова дума Йохан Гьоте
653 ## - Ключова дума – ненормативна
Ключова дума биографии
653 ## - Ключова дума – ненормативна
Ключова дума творчество
659 ## - Тематичен бюлетин
Тематичен бюлетин А
852 ## - Местоположение
Форматна сигнатура Цб 40155
Фондова буква Хранилище
852 ## - Местоположение
Форматна сигнатура МА 33
Фондова буква Фонд "Михаил Арнаудов"
856 4# - Електронен адрес и достъп
Електронен формат pdf - файл
856 4# - Електронен адрес и достъп
Електронен формат pdf - файл
999 ## - СИСТЕМНИ КОНТРОЛНИ НОМЕРА
Koha biblionumber 123712
Koha biblioitemnumber 123712
942 ## - АРТИКУЛИ
Вид на библиотечния материал Книги
Скрит в OPAC Не
Периодичен библиозапис Да
944 ## - СЪЗДАВАНЕ И РЕДАКЦИЯ на ЗАПИСА
Създаване/Редакция Създаване
Дата на регистрацията/редакция 29.03.2012
Статус, дата на статуса CRON CRON
Служител, извършил регистрацията/редакцията
944 ## - СЪЗДАВАНЕ И РЕДАКЦИЯ на ЗАПИСА
Създаване/Редакция Редакция
Дата на регистрацията/редакция 19.10.2016
Статус, дата на статуса 29.03.2012 - от С1,Р / 29.03.2012
Служител, извършил регистрацията/редакцията Геновева_Генчева
999 ## - СИСТЕМНИ КОНТРОЛНИ НОМЕРА
Koha biblioitemnumber 123712
999 ## - СИСТЕМНИ КОНТРОЛНИ НОМЕРА
Koha biblioitemnumber 123712
999 ## - СИСТЕМНИ КОНТРОЛНИ НОМЕРА
Koha biblioitemnumber 123712
Наличности
Код за отписване Код за изгубен артикул Източник на класификационната схема Код за повреда Коз за рестрикции Код за отдаване Артикулен № Име на библиотеката - собственик Име на библиотеката, в която се намира в момента Статус (Текущо местоположение) Дата на вписване в системата Местоположение - отдел Цена в лева Инвентарен номер Систематично азбучна сигнатура Баркод Номер на екземпляра Цена в евро Служебна бележка Служебен тип на артикула Бележка за публиката Номерация (Хронология)
  Не е изгубен Universal Decimal Classification Не е повреден само за читалня ползва се в читалня 200395 Регионална библиотека "Любен Каравелов" Русе Регионална библиотека "Любен Каравелов" Русе Хранилище 1967-01-01 Основен фонд - ползва се само за читалня 0.00 651486 Цб 40155 120000651486 1 0.00 Дост: Pk Вид: Ф N: стар фонд Дата: 01.01.1967 Книги    
Изтеглен Не е изгубен Universal Decimal Classification Не е повреден без рестрикции заемане за дома 200396 Регионална библиотека "Любен Каравелов" Русе Регионална библиотека "Любен Каравелов" Русе Заемна - подръчен фонд 1967-01-01 Заемна - подръчен фонд 0.00 2842/67 П 830(092)/Г 97 2842/67 2 0.00 Дост: Pk Вид: Ф N: стар фонд Дата: 01.01.1967 Книги    
Изтеглен Не е изгубен   Не е повреден без рестрикции заемане за дома 200397 Регионална библиотека "Любен Каравелов" Русе Регионална библиотека "Любен Каравелов" Русе Заемна - подръчен фонд 1967-01-01 Заемна - подръчен фонд 0.00 2843/67 П 830(092)/Г 97 2843/67 3 0.00 Дост: Pk Вид: Ф N: стар фонд Дата: 01.01.1967 Дата инв: 21.03.2018 Бележки инв: П2018 Книги    
Изтеглен Не е изгубен Universal Decimal Classification Не е повреден без рестрикции заемане за дома 200398 Регионална библиотека "Любен Каравелов" Русе Регионална библиотека "Любен Каравелов" Русе Заемна - подръчен фонд 1967-01-01 Заемна - подръчен фонд 0.00 2844/67 П 830(092)/Г 97 2844/67 4 0.00 Дост: Pk Вид: Ф N: стар фонд Дата: 01.01.1967 Книги    
Изтеглен Не е изгубен   Не е повреден без рестрикции заемане за дома 200399 Регионална библиотека "Любен Каравелов" Русе Регионална библиотека "Любен Каравелов" Русе   1967-01-01 Заемна - подръчен фонд 0.44 2845/67 П 830(092)/Г 97 2845/67 5 0.22 Дост: Pk Вид: Ф N: стар фонд Дата: 01.01.1967 Книги Отч.N: 12/2018 , Дата: 02.02.2018  
Изтеглен Не е изгубен Universal Decimal Classification Не е повреден без рестрикции заемане за дома 200400 Регионална библиотека "Любен Каравелов" Русе Регионална библиотека "Любен Каравелов" Русе Заемна - подръчен фонд 1967-01-01 Заемна - подръчен фонд 0.00 2847/67 П 830(092)/Г 97 2847/67 6 0.00 Дост: Pk Вид: Ф N: стар фонд Дата: 01.01.1967 Книги    
Изтеглен Не е изгубен Universal Decimal Classification Не е повреден без рестрикции заемане за дома 200401 Регионална библиотека "Любен Каравелов" Русе Регионална библиотека "Любен Каравелов" Русе Заемна - подръчен фонд 1967-01-01 Заемна - подръчен фонд 0.50 641554 П 830(092)/Г 97 641554 7 0.26 Дост: Pk Вид: Ф N: стар фонд Дата: 01.01.1967 Дата инв: 08.02.2018 Бележки инв: П2018 Книги    
  Не е изгубен Universal Decimal Classification Не е повреден само за читалня Специални фондове ( старопечатни, редки и ценни, фонд М. Арнаудов) 200402 Регионална библиотека "Любен Каравелов" Русе Регионална библиотека "Любен Каравелов" Русе Фонд "Михаил Арнаудов" 1973-01-01 Фонд "Михаил Арнаудов" 0.44 319891 МА 33 120000319891 8 0.22 Дост: DA Вид: А N: стар фонд Дата: 01.01.1973 Книги    
  Не е изгубен Universal Decimal Classification Не е повреден само за читалня Специални фондове ( старопечатни, редки и ценни, фонд М. Арнаудов) 200403 Регионална библиотека "Любен Каравелов" Русе Регионална библиотека "Любен Каравелов" Русе Фонд "Михаил Арнаудов" 1973-01-01 Фонд "Михаил Арнаудов" 0.44 319893 МА 33 120000319893 9 0.22 Дост: DA Вид: А N: стар фонд Дата: 01.01.1973 Книги   Автограф: Михаил Арнаудов
Vip Innovations Ltd, Rousse, Bulgaria 2025